Statistiques concernant Pays les Plus Proches du Japon

Cliquez ici pour prendre le quiz!

Statistiques générales

  • Ce quiz a été pris 30 fois
  • Le résultat moyen est 17 sur 20

Statistiques - réponses

kmPays% Correct
331Chine
100%
420Corée du Nord
100%
50Corée du Sud
100%
43Russie
100%
107Taïwan
97%
568Philippines
93%
2041Thaïlande
93%
1943Cambodge
90%
2192Indonésie
90%
1984Malaisie
90%
2251Birmanie
87%
1864Laos
87%
1558Viêt Nam
87%
1640Mongolie
83%
2578Inde
80%
2309Brunei
73%
2195Etats-Unis
73%
2136Micronésie
50%
3073Bangladesh
47%
2128Palaos
43%

Distribution des résultats

Percentile par nombre de réponses

% des personnes avec chaque résultat

Votre développement - résultats

Vous n’avez pas pris ce quiz